000 00785nam a22002657a 4500
001 BR6700098
003 BR-BrBNA
005 20230928083447.0
007 ta
008 230509b bl.||||| |||| 00| 0 por d
040 _aBR-BrBNA
_bpor
_cBiblioteca Nacional de Agricultura
041 _a(Por)
072 _aE10
090 _ E10 BR6700098
100 1 _aSugai, Y.
110 1 _aUniversidade Federal de Vicosa, MG (Brasil)
_0Tese (Magister Scientiae)
245 1 _aPlanejamento basico de uma empresa agropecuaria pela programacao linear
260 3 _aVicosa, MG (Brasil):
_c1967.
300 _a96 p.
500 _a11 tables; 6 graphs; 24 ref.; Summary (Por)
650 _aMacroeconomia
650 _aEmpresa agricola
909 _a202309
_bLucia
_c55
_dLucia Elande
942 _cBK
999 _c13603
_d13603